Whooo, whooo ... here come the trains / (Record no. 2686)

MARC details
000 -LEADER
fixed length control field 00941cam a2200265 a 4500
005 - DATE AND TIME OF LATEST TRANSACTION
control field 20240111152248.0
020 ## - INTERNATIONAL STANDARD BOOK NUMBER
International Standard Book Number 9781604724349
040 ## - CATALOGING SOURCE
Original cataloging agency DLC
Transcribing agency DLC
Modifying agency DLC
Language of cataloging ENG
050 00 - LIBRARY OF CONGRESS CALL NUMBER
Classification number TF148
Item number 2009
082 00 - DEWEY DECIMAL CLASSIFICATION NUMBER
Classification number 625.1
100 1# - MAIN ENTRY--PERSONAL NAME
Personal name Carroll, Molly
245 10 - TITLE STATEMENT
Title Whooo, whooo ... here come the trains /
Statement of responsibility, etc. Molly Carroll.
260 ## - PUBLICATION, DISTRIBUTION, ETC.
Place of publication, distribution, etc. Guangdong Province :
Name of publisher, distributor, etc. Rourke Educational Media ,
Date of publication, distribution, etc. 2009
300 ## - PHYSICAL DESCRIPTION
Extent 14 unnumbered pages :
Other physical details color illustrations ;
Dimensions 16 cm.
490 0# - SERIES STATEMENT
Series statement Rourke board books
500 ## - GENERAL NOTE
General note On board pages.
505 ## - FORMATTED CONTENTS NOTE
Formatted contents note G <br/>
520 ## - SUMMARY, ETC.
Summary, etc. This will be the new favorite train book for many little kids. The large photos of trains will catch their attention as they learn about different types of trains.<br/><br/>.
521 ## - TARGET AUDIENCE NOTE
Target audience note 390 <br/>
Source Lexile <br/>
521 ## - TARGET AUDIENCE NOTE
Target audience note G <br/>
Source Raz-Plus <br/>
650 #0 - SUBJECT ADDED ENTRY--TOPICAL TERM
Topical term or geographic name entry element Railroad trains
Form subdivision Juvenile literature.
906 ## - LOCAL DATA ELEMENT F, LDF (RLIN)
a 7
b cbc
c orignew
d 1
e ecip
f 20
g y-gencatlg
942 ## - ADDED ENTRY ELEMENTS (KOHA)
Source of classification or shelving scheme Dewey Decimal Classification
Koha item type Books
Suppress in OPAC No
999 ## -
-- 2686
-- 2686
Holdings
Withdrawn status Lost status Source of classification or shelving scheme Damaged status Not for loan Collection Home library Current library Shelving location Date acquired Total Checkouts Full call number Barcode Date last seen Date last checked out Copy number Price effective from Koha item type
    Dewey Decimal Classification     Non-Fiction Footprints International School Library Network Toul Kork Campus Footprints International School Library Network Toul Kork Campus   01/10/2024 3 CAR 625.1 TF148 FISTK02204 02/20/2024 02/06/2024 1 01/10/2024 Books
    Dewey Decimal Classification     Non-Fiction Footprints International School Library Network Toul Kork Campus Footprints International School Library Network Toul Kork Campus   01/10/2024   CAR 625.1 TF148 2024-0282 03/07/2024   2 01/10/2024 Books